Divorce is a family affair / (Record no. 3678)

MARC details
000 -LEADER
fixed length control field 00909cam a2200277 a 4500
001 - CONTROL NUMBER
control field 1877046
003 - CONTROL NUMBER IDENTIFIER
control field GBCCL
005 - DATE AND TIME OF LATEST TRANSACTION
control field 20241126110500.0
008 - FIXED-LENGTH DATA ELEMENTS--GENERAL INFORMATION
fixed length control field 830111s1983 miu b 000 0 eng
010 ## -
-- 83001109
020 ## - INTERNATIONAL STANDARD BOOK NUMBER
International Standard Book Number 0310458315 (pbk.)
040 ## - CATALOGING SOURCE
Original cataloging agency DLC
Transcribing agency DLC
Modifying agency DLC
043 ## -
-- n-us---
050 00 -
-- HQ834
-- .J43 1983
082 00 - DEWEY DECIMAL CLASSIFICATION NUMBER
Classification number 248.846
-- 306.89
Edition information 19
Item number JOH
100 1# - MAIN ENTRY--PERSONAL NAME
Personal name Johnson, Margaret.
9 (RLIN) 7286
245 10 - TITLE STATEMENT
Title Divorce is a family affair /
Statement of responsibility, etc. Margaret Johnson.
260 ## - PUBLICATION, DISTRIBUTION, ETC.
Place of publication, distribution, etc. Grand Rapids, Mich. :
Name of publisher, distributor, etc. Zondervan Pub. House,
Date of publication, distribution, etc. c1983.
300 ## - PHYSICAL DESCRIPTION
Extent 127 p. ;
Dimensions 21 cm.
504 ## - BIBLIOGRAPHY, ETC. NOTE
Bibliography, etc. note Includes bibliographical references.
650 #0 - SUBJECT ADDED ENTRY--TOPICAL TERM
Topical term or geographic name entry element Divorce
General subdivision Religious aspects
-- Christianity
Form subdivision Case studies.
9 (RLIN) 7287
650 #0 - SUBJECT ADDED ENTRY--TOPICAL TERM
Topical term or geographic name entry element Families
General subdivision Religious life
Geographic subdivision United States
Form subdivision Case studies.
9 (RLIN) 7288
650 #0 - SUBJECT ADDED ENTRY--TOPICAL TERM
Topical term or geographic name entry element Divorce
Geographic subdivision United States.
9 (RLIN) 7289
906 ## - LOCAL DATA ELEMENT F, LDF (RLIN)
a 7
b cbc
c orignew
d 1
e ocip
f 19
g y-gencatlg
942 ## - ADDED ENTRY ELEMENTS (KOHA)
Source of classification or shelving scheme Dewey Decimal Classification
Koha item type Books
Koha issues (borrowed), all copies 1
Holdings
Withdrawn status Lost status Source of classification or shelving scheme Damaged status Not for loan Home library Current Library Shelving location Date acquired Total checkouts Full call number Barcode Date last seen Date last checked out Copy number Price effective from Koha item type
    Dewey Decimal Classification     GRACE BIBLE COLLEGE GRACE BIBLE COLLEGE Ministry & Mission 2017-12-01 1 248.846 JOH 004734 2025-05-01 2019-10-10 c.1 2017-12-01 Books
© Grace Bible College Library 2025